[Event "Sherbrooke op"]
[Site "Sherbrooke CAN"]
[Date "2010.05.29"]
[Round "2"]
[White "Grenier, Gabriel"]
[Black "Libersan, Thierry"]
[Result "0-1"]
[WhiteElo "1594"]
[BlackElo "2163"]
[PlyCount "54"]
[EventDate "2010.05.28"]
[EventType "swiss"]
[EventRounds "5"]
[EventCountry "CAN"]

1. e4 c5 2. Nf3 e6 3. d4 cxd4 4. Nxd4 Nc6 5. Nc3 Qc7 6. a3 a6 7. Be3 b5 8. Qd2
Bb7 9. Be2 Nf6 10. Bf3 Ne5 11. Bf4 Rc8 12. O-O b4 13. axb4 Bxb4 14. Bxe5 Qxe5
15. Nde2 O-O 16. Qe3 Rc4 17. Qa7 Bxe4 18. Nxe4 Nxe4 19. Bxe4 Qxe4 20. Ng3 Qxc2
21. Qxa6 d5 22. Qb7 Qxb2 23. Rfb1 Qd4 24. Ra8 g6 25. Rxf8+ Kxf8 26. Qb8+ Kg7
27. Ne2 Qe4 0-1

[Event "Sherbrooke op"]
[Site "Sherbrooke CAN"]
[Date "2010.05.29"]
[Round "2"]
[White "Qin, Zi Yi (Joey)"]
[Black "Wang, Kelly"]
[Result "1-0"]
[WhiteElo "2164"]
[BlackElo "1517"]
[PlyCount "57"]
[EventDate "2010.05.28"]
[EventType "swiss"]
[EventRounds "5"]
[EventCountry "CAN"]

1. e4 c5 2. Nf3 d6 3. d4 cxd4 4. Nxd4 Nf6 5. Nc3 g6 6. Be3 Bg7 7. f3 Nc6 8. Qd2
O-O 9. Bc4 Bd7 10. O-O-O Rc8 11. Bb3 Ne5 12. Kb1 Re8 13. g4 b5 14. Nd5 a5 15.
a3 Nxd5 16. exd5 Nc4 17. Bxc4 Rxc4 18. b3 Rc7 19. h4 Qa8 20. h5 Qxd5 21. hxg6
hxg6 22. Qh2 f6 23. Nf5 Qxd1+ 24. Rxd1 gxf5 25. Rh1 fxg4 26. Qh7+ Kf7 27. Qh5+
Ke6 28. Bb6 Rh8 29. Re1# 1-0

[Event "Sherbrooke op"]
[Site "Sherbrooke CAN"]
[Date "2010.05.29"]
[Round "2"]
[White "Sambuev, Bator"]
[Black "Hudon, Paul"]
[Result "1-0"]
[WhiteElo "2556"]
[BlackElo "1926"]
[PlyCount "100"]
[EventDate "2010.05.28"]
[EventType "swiss"]
[EventRounds "5"]
[EventCountry "CAN"]

1. d4 Nf6 2. c4 g6 3. Nc3 Bg7 4. e4 d6 5. Nf3 O-O 6. Be2 Nfd7 7. O-O e5 8. Be3
Nc6 9. d5 Ne7 10. Nd2 f5 11. f3 f4 12. Bf2 Nf6 13. c5 dxc5 14. Bxc5 Ne8 15. Qb3
Nd6 16. Nb5 b6 17. Nxd6 cxd6 18. Ba3 Bb7 19. Rfc1 Kh8 20. Nc4 Nc8 21. Na5 Rf7
22. Nxb7 Rxb7 23. Ba6 Rbb8 24. Qb5 Ne7 25. Rc3 Bf8 26. Rac1 Ng8 27. Rc7 Qe8 28.
Qd7 Qxd7 29. Rxd7 Rd8 30. Rcc7 Rxd7 31. Rxd7 Nf6 32. Rf7 Nh5 33. Bb7 Kg8 34.
Rc7 Rb8 35. Bc8 Ng7 36. Ba6 Ra8 37. Bb5 a6 38. Bc6 Rb8 39. Bb4 a5 40. Be1 g5
41. a4 g4 42. Bf2 g3 43. hxg3 fxg3 44. Bxg3 Nh5 45. Bh4 Nf4 46. Bb5 Kh8 47. Kh2
h5 48. Bf1 Bg7 49. Be7 Bf8 50. Bf6+ Kg8 1-0

[Event "Sherbrooke op"]
[Site "Sherbrooke CAN"]
[Date "2010.05.29"]
[Round "2"]
[White "Turcotte, Jonathan"]
[Black "Larochelle, Martial"]
[Result "0-1"]
[WhiteElo "1890"]
[BlackElo "2198"]
[PlyCount "110"]
[EventDate "2010.05.28"]
[EventType "swiss"]
[EventRounds "5"]
[EventCountry "CAN"]

1. d4 Nf6 2. c4 e6 3. Nf3 d5 4. Nc3 Be7 5. Bg5 h6 6. Bh4 O-O 7. e3 b6 8. Bd3
dxc4 9. Bxc4 Bb7 10. O-O Nbd7 11. Qe2 Nd5 12. Bxe7 Qxe7 13. Ba6 Bxa6 14. Qxa6
Nxc3 15. bxc3 e5 16. Qb7 e4 17. Nd2 Nf6 18. a4 Rfe8 19. a5 Rab8 20. Qxa7 Ra8
21. Qb7 bxa5 22. Rfb1 Qd7 23. c4 a4 24. Rb4 g5 25. Nb3 Ng4 26. Nc5 Qf5 27. Ra2
a3 28. Qxc7 Rec8 29. Qg3 Kg7 30. h3 Nf6 31. Nb7 Rc6 32. Rb5 Qd7 33. Nc5 Qe7 34.
Qe5 Qxe5 35. dxe5 Ne8 36. Nxe4 Rxc4 37. Nd2 Rc1+ 38. Kh2 Nc7 39. Rb3 Rc5 40. f4
gxf4 41. exf4 Nd5 42. Kg3 Rc3+ 43. Kg4 Ra4 44. g3 Kg6 45. Rxc3 Nxc3 46. Rc2 h5+
47. Kf3 a2 48. Nb3 Rb4 49. Rxc3 Rxb3 50. Rxb3 a1=Q 51. Rb6+ Kg7 52. h4 Qf1+ 53.
Ke4 Qc4+ 54. Kf3 Qd5+ 55. Ke2 Qe4+ 0-1

[Event "Sherbrooke op"]
[Site "Sherbrooke CAN"]
[Date "2010.05.29"]
[Round "2"]
[White "Wu, Qiyou"]
[Black "Poulin, Mathieu"]
[Result "0-1"]
[WhiteElo "1780"]
[BlackElo "2004"]
[PlyCount "118"]
[EventDate "2010.05.28"]
[EventType "swiss"]
[EventRounds "5"]
[EventCountry "CAN"]

1. e4 c6 2. d4 d5 3. exd5 cxd5 4. c4 Nf6 5. Nc3 e6 6. Nf3 Bb4 7. Bg5 h6 8. Bxf6
Qxf6 9. a3 Bxc3+ 10. bxc3 Nc6 11. cxd5 exd5 12. Bd3 O-O 13. O-O Bf5 14. Qc2
Bxd3 15. Qxd3 Rfd8 16. Rfe1 Na5 17. Nd2 Rac8 18. Rac1 Nc4 19. Nxc4 Rxc4 20. Re5
Qc6 21. h3 Ra4 22. Ra1 g6 23. Qf3 Qd6 24. Qe3 Kg7 25. Re8 Rxe8 26. Qxe8 Rc4 27.
Qe3 b6 28. Re1 Rc8 29. Qc1 Qc6 30. Re7 Qxc3 31. Qxc3 Rxc3 32. Rxa7 Rd3 33. Ra4
Rb3 34. Kf1 Kf6 35. Ke2 Kf5 36. Ra6 Ke4 37. Ra4 Rb2+ 38. Kf1 f5 39. Kg1 g5 40.
Kh2 Rxf2 41. Rb4 Ra2 42. Rxb6 Rxa3 43. Rxh6 Kxd4 44. Rg6 Ke4 45. Rxg5 Ra8 46.
h4 d4 47. Kg1 d3 48. Kf2 Ra1 49. Rg8 d2 50. Re8+ Kd3 51. Rd8+ Kc2 52. Kf3 Rf1+
53. Ke2 d1=Q+ 54. Rxd1 Rxd1 55. g3 Rd3 56. Kf2 Kc3 57. h5 Kd4 58. h6 Ke4 59.
Kg2 Rd6 0-1

[Event "Sherbrooke op"]
[Site "Sherbrooke CAN"]
[Date "2010.05.29"]
[Round "3"]
[White "Ah-Lan, Kenny"]
[Black "Masse, Hugues"]
[Result "1-0"]
[WhiteElo "2008"]
[BlackElo "2240"]
[PlyCount "103"]
[EventDate "2010.05.28"]
[EventType "swiss"]
[EventRounds "5"]
[EventCountry "CAN"]

1. d4 Nf6 2. c4 g6 3. Nc3 Bg7 4. e4 d6 5. Nf3 O-O 6. Be2 e5 7. O-O Nc6 8. d5
Ne7 9. b4 Nh5 10. Re1 f5 11. Nd2 Nf6 12. a4 fxe4 13. Ndxe4 Nf5 14. c5 Nd4 15.
cxd6 cxd6 16. Be3 Nxe4 17. Nxe4 Nxe2+ 18. Qxe2 Bf5 19. Bg5 Qd7 20. Qb5 Rf7 21.
Qxd7 Rxd7 22. Rac1 h6 23. Bd2 Kh7 24. f3 Rf8 25. b5 Bxe4 26. Rxe4 h5 27. Rec4
Rff7 28. a5 Bh6 29. Bxh6 Kxh6 30. b6 axb6 31. axb6 Kg7 32. Kf2 Kf6 33. Ke3 Rf8
34. Rc8 Rxc8 35. Rxc8 Rf7 36. Rc7 Re7 37. Ke4 Rf7 38. f4 exf4 39. Kxf4 Re7 40.
Rxe7 Kxe7 41. Kg5 Kf7 42. h3 h4 43. Kxh4 Kf6 44. g4 Ke5 45. Kg5 Kxd5 46. h4 Ke6
47. Kxg6 d5 48. h5 d4 49. h6 d3 50. h7 d2 51. h8=Q d1=Q 52. Qe8+ 1-0

[Event "Sherbrooke op"]
[Site "Sherbrooke CAN"]
[Date "2010.05.29"]
[Round "3"]
[White "Chesnut, Walter"]
[Black "Lemelin, Marc"]
[Result "1-0"]
[WhiteElo "1746"]
[BlackElo "1702"]
[PlyCount "67"]
[EventDate "2010.05.28"]
[EventType "swiss"]
[EventRounds "5"]
[EventCountry "CAN"]

1. e4 e6 2. d4 d5 3. e5 c5 4. c3 Qb6 5. Nf3 Bd7 6. a3 Bb5 7. Bd3 Bxd3 8. Qxd3
cxd4 9. cxd4 Ne7 10. O-O Nbc6 11. b4 Nf5 12. Bb2 h5 13. Nbd2 Be7 14. Rfc1 g5
15. Nb3 g4 16. Nfd2 Bg5 17. Nc5 a5 18. Na4 Qa7 19. Nc5 a4 20. Bc3 Bxd2 21. Qxd2
b6 22. Nd3 Ncxd4 23. Bxd4 Nxd4 24. b5 Qe7 25. Nb4 Nb3 26. Qc3 O-O 27. Nc6 Qg5
28. Rf1 Nxa1 29. Qxa1 Qf4 30. g3 Qc4 31. Qb2 Rad8 32. Qd2 Qe4 33. Qg5+ Kh7 34.
Nxd8 1-0

[Event "Sherbrooke op"]
[Site "Sherbrooke CAN"]
[Date "2010.05.29"]
[Round "3"]
[White "Germain, Benoit"]
[Black "Duplessis, Jean-Roch"]
[Result "1/2-1/2"]
[WhiteElo "1718"]
[BlackElo "1734"]
[PlyCount "67"]
[EventDate "2010.05.28"]
[EventType "swiss"]
[EventRounds "5"]
[EventCountry "CAN"]

1. g4 e6 2. Bg2 Ne7 3. d4 d5 4. c4 c6 5. Nf3 f6 6. O-O g5 7. Nc3 Ng6 8. e4 Bg7
9. exd5 exd5 10. Re1+ Kf7 11. Qb3 Qb6 12. h3 Qxb3 13. axb3 h5 14. Nh2 hxg4 15.
Nxg4 dxc4 16. bxc4 f5 17. Ne5+ Nxe5 18. dxe5 Be6 19. Bxg5 Nd7 20. Bf4 Bxc4 21.
Rad1 Be6 22. Bg3 a5 23. f4 Rhg8 24. Kh2 Nb6 25. Bf1 Bh6 26. Be2 Nd5 27. Bh5+
Kg7 28. Nxd5 cxd5 29. Rg1 Kh7 30. Bf3 Rac8 31. Rg2 Rc5 32. Rgd2 Rb5 33. Rc1 Rb3
34. Rc7+ 1/2-1/2

[Event "Sherbrooke op"]
[Site "Sherbrooke CAN"]
[Date "2010.05.30"]
[Round "3"]
[White "Hudon, Paul"]
[Black "Grenier, Gabriel"]
[Result "0-1"]
[WhiteElo "1926"]
[BlackElo "1594"]
[PlyCount "73"]
[EventDate "2010.05.28"]
[EventType "swiss"]
[EventRounds "5"]
[EventCountry "CAN"]

1. e4 c5 2. Nf3 Nc6 3. d4 cxd4 4. Nxd4 e6 5. c4 Bc5 6. Be3 Qb6 7. Nc2 Bxe3 8.
Nxe3 Qxb2 9. Nd2 Nge7 10. Be2 O-O 11. O-O b6 12. c5 Nd4 13. Bd3 Qa3 14. Ndc4
Qxc5 15. f4 Nec6 16. Rc1 Qe7 17. Qh5 Nb4 18. Bb1 Qc5 19. e5 Nf5 20. Kh1 g6 21.
Qf3 Ba6 22. Nxf5 exf5 23. Ne3 Qe7 24. Rfd1 Rac8 25. Rxc8 Rxc8 26. a3 Nc6 27.
Nd5 Qh4 28. g3 Qh3 29. Nf6+ Kg7 30. Rxd7 Nd8 31. Rd1 Bb7 32. Nd5 Rc5 33. Kg1
Ne6 34. Qb3 Bxd5 35. Rxd5 Nxf4 36. Rd2 Rc1+ 37. Kf2 0-1

[Event "Sherbrooke op"]
[Site "Sherbrooke CAN"]
[Date "2010.05.29"]
[Round "3"]
[White "Lalumiere, Claude"]
[Black "Turcotte, Jonathan"]
[Result "0-1"]
[WhiteElo "1870"]
[BlackElo "1890"]
[PlyCount "62"]
[EventDate "2010.05.28"]
[EventType "swiss"]
[EventRounds "5"]
[EventCountry "CAN"]

1. e4 e5 2. f4 Bc5 3. Bc4 d6 4. Nf3 Nf6 5. Nc3 O-O 6. d3 a6 7. Qe2 Nc6 8. a3
Bg4 9. Qf1 Nh5 10. Ne2 Nxf4 11. Nxf4 exf4 12. c3 Bxf3 13. gxf3 Qh4+ 14. Ke2
Rfe8 15. d4 Ba7 16. h3 Na5 17. Ba2 c5 18. dxc5 dxc5 19. Rg1 c4 20. Rg4 Qh5 21.
Qg2 g6 22. Kf1 Be3 23. Rg5 Qh4 24. Bxe3 fxe3 25. Re1 Rad8 26. Rg4 Qh6 27. f4
Rd2 28. Re2 Red8 29. Qf3 Rxe2 30. Qxe2 Qxh3+ 31. Qg2 Rd1+ 0-1

[Event "Sherbrooke op"]
[Site "Sherbrooke CAN"]
[Date "2010.05.29"]
[Round "3"]
[White "Larochelle, Martial"]
[Black "Qin, Zi Yi (Joey)"]
[Result "1/2-1/2"]
[WhiteElo "2198"]
[BlackElo "2164"]
[PlyCount "48"]
[EventDate "2010.05.28"]
[EventType "swiss"]
[EventRounds "5"]
[EventCountry "CAN"]

1. c4 Nf6 2. Nc3 g6 3. Nf3 Bg7 4. e4 d6 5. d4 O-O 6. Be2 e5 7. d5 a5 8. Bg5 h6
9. Bh4 Na6 10. Nd2 Qe8 11. O-O Nh7 12. Kh1 h5 13. f3 Bf6 14. Bf2 Bg5 15. a3 Bd7
16. b3 Qe7 17. Rb1 h4 18. b4 axb4 19. axb4 Bf4 20. Qc2 Qg5 21. Rfd1 Nf6 22. c5
Nh5 23. Nf1 Ng3+ 24. Kg1 Nh5 1/2-1/2

[Event "Sherbrooke op"]
[Site "Sherbrooke CAN"]
[Date "2010.05.29"]
[Round "3"]
[White "Libersan, Thierry"]
[Black "Sambuev, Bator"]
[Result "1/2-1/2"]
[WhiteElo "2163"]
[BlackElo "2556"]
[PlyCount "108"]
[EventDate "2010.05.28"]
[EventType "swiss"]
[EventRounds "5"]
[EventCountry "CAN"]

1. e4 e6 2. d4 d5 3. Nc3 Bb4 4. e5 c5 5. a3 Ba5 6. b4 cxd4 7. Nb5 Bc7 8. f4 Ne7
9. Nf3 Bd7 10. Nbxd4 Nbc6 11. Be3 a5 12. b5 Nxd4 13. Nxd4 a4 14. Bd3 Ba5+ 15.
Kf2 Nf5 16. Nxf5 exf5 17. Qf3 Be6 18. Bd4 Rc8 19. Qe3 Qh4+ 20. g3 Qh3 21. Rac1
O-O 22. c3 Bd7 23. Qf3 Rfd8 24. Qd1 Ra8 25. Qd2 Rdc8 26. Qe3 Qh6 27. Kg2 Rc7
28. Rc2 Qe6 29. h4 Qe7 30. Ra1 Rac8 31. Be2 Qe8 32. Rb1 Qe7 33. Ra1 Be8 34. Kh3
Qe6 35. Rac1 Qe7 36. c4 dxc4 37. Rxc4 Rxc4 38. Rxc4 Rxc4 39. Bxc4 Bd7 40. Bc5
Qe8 41. Qd3 Be6 42. Qd4 h6 43. Bd6 Qc8 44. Bxe6 Qxe6 45. Qxa4 Qd5 46. Qc2 Qh1+
47. Qh2 Qf1+ 48. Qg2 Qxb5 49. Qc2 g6 50. Qc8+ Kh7 51. Qf8 Qd5 52. Kh2 Bb6 53.
e6 Bg1+ 54. Kxg1 Qd1+ 1/2-1/2

[Event "Sherbrooke op"]
[Site "Sherbrooke CAN"]
[Date "2010.05.29"]
[Round "3"]
[White "Ouellet-Lahaie, Didier"]
[Black "Cote-Lalumiere, Tristan"]
[Result "0-1"]
[WhiteElo "1750"]
[BlackElo "1705"]
[PlyCount "66"]
[EventDate "2010.05.28"]
[EventType "swiss"]
[EventRounds "5"]
[EventCountry "CAN"]

1. d4 Nf6 2. c4 c5 3. d5 b5 4. Nf3 d6 5. e3 a6 6. cxb5 axb5 7. Bxb5+ Nbd7 8.
O-O g6 9. Nc3 Bg7 10. h3 O-O 11. e4 Qa5 12. Qd3 Ba6 13. Bxa6 Qxa6 14. Qxa6 Rxa6
15. Re1 Nb6 16. Rb1 Nfd7 17. Bg5 Bxc3 18. bxc3 f6 19. Bf4 Rxa2 20. Rb3 Rfa8 21.
Kf1 Rc2 22. Bd2 Raa2 23. Rd1 Nc4 24. Be1 Nde5 25. Nxe5 fxe5 26. Rdb1 Nd2+ 27.
Bxd2 Rxd2 28. Rb8+ Kf7 29. g4 Rxf2+ 30. Kg1 Rg2+ 31. Kh1 Rh2+ 32. Kg1 Rag2+ 33.
Kf1 Rg3 0-1

[Event "Sherbrooke op"]
[Site "Sherbrooke CAN"]
[Date "2010.05.29"]
[Round "3"]
[White "Schommer, Philippe"]
[Black "Grenier, Gabriel"]
[Result "1-0"]
[WhiteElo "1834"]
[BlackElo "1594"]
[PlyCount "187"]
[EventDate "2010.05.28"]
[EventType "swiss"]
[EventRounds "5"]
[EventCountry "CAN"]

1. c4 Nf6 2. Nc3 e5 3. g3 Bc5 4. Bg2 O-O 5. e3 Nc6 6. Nge2 Re8 7. O-O d6 8. Na4
Bb6 9. Nxb6 axb6 10. Nc3 e4 11. d4 Bg4 12. f3 exf3 13. Bxf3 Bxf3 14. Qxf3 Qd7
15. Bd2 Re7 16. Nd5 Re6 17. Qf5 Qd8 18. Bc3 Ne7 19. Nxf6+ Rxf6 20. Qd3 Rh6 21.
e4 Qd7 22. Qf3 Rf6 23. Qh5 Rg6 24. Rf4 Nc6 25. d5 Nd8 26. e5 dxe5 27. Qxe5 f6
28. Qe4 Nf7 29. Re1 Ng5 30. Qf5 Qd6 31. Kg2 Rd8 32. a3 c6 33. Bb4 c5 34. Bc3 b5
35. h4 Nf7 36. Qe6 h6 37. Qxd6 Nxd6 38. b3 bxc4 39. bxc4 b5 40. Ba5 Rd7 41.
cxb5 Nxb5 42. a4 Nd4 43. Re8+ Kf7 44. Rd8 Ra7 45. Bb6 Rxa4 46. Bxc5 Rxg3+ 47.
Kf2 Rc3 48. Bxd4 Ra2+ 49. Kg1 Rg3+ 50. Kf1 Rb3 51. Bf2 Ke7 52. Rg8 Kf7 53. Rc8
Rd3 54. Rc7+ Kg6 55. Rc5 Rad2 56. Rg4+ Kf5 57. Rxg7 Rxd5 58. Rxd5+ Rxd5 59. Kg2
Rb5 60. Be3 Rb4 61. Kh3 Rb3 62. Rg3 h5 63. Bf2 Rb4 64. Rg8 Rb3+ 65. Bg3 Ra3 66.
Rb8 Ra5 67. Rb4 Ra3 68. Rb5+ Kg6 69. Kg2 Ra2+ 70. Bf2 Ra3 71. Rb2 Ra4 72. Rb3
Ra2 73. Kf3 Ra4 74. Rd3 Kf5 75. Rd4 Ra3+ 76. Be3 Ra5 77. Rc4 Kg6 78. Rc8 Ra4
79. Bf2 Ra3+ 80. Ke4 Ra4+ 81. Bd4 Ra6 82. Rg8+ Kf7 83. Rb8 Ra4 84. Rb7+ Kg6 85.
Rb6 Kg7 86. Rd6 Rb4 87. Kf5 Rb5+ 88. Ke6 Rb4 89. Bxf6+ Kg6 90. Bg5 Rb7 91. Ke5+
Kg7 92. Be3 Rb1 93. Kf5 Rb5+ 94. Kf4 1-0

[Event "Sherbrooke op"]
[Site "Sherbrooke CAN"]
[Date "2010.05.29"]
[Round "3"]
[White "Wang, Kelly"]
[Black "Wu, Qiyou"]
[Result "1-0"]
[WhiteElo "1517"]
[BlackElo "1780"]
[PlyCount "95"]
[EventDate "2010.05.28"]
[EventType "swiss"]
[EventRounds "5"]
[EventCountry "CAN"]

1. e4 c5 2. Nf3 d6 3. c3 Nf6 4. Be2 Nc6 5. d4 cxd4 6. cxd4 e6 7. Nc3 Be7 8. O-O
O-O 9. h3 a6 10. Be3 b5 11. a3 Bb7 12. Qd3 e5 13. d5 Nb8 14. Rac1 Nbd7 15. Na2
Nb6 16. b3 Nbd7 17. Nb4 Nc5 18. Bxc5 dxc5 19. Na2 Bd6 20. Nc3 b4 21. axb4 cxb4
22. Na4 a5 23. Qe3 Nd7 24. Nb2 Qb6 25. Qd2 Nc5 26. Nc4 Qc7 27. Qe3 Ba6 28. Nxd6
Qxd6 29. Rxc5 Bxe2 30. Rc6 Qxc6 31. dxc6 Bxf1 32. Kxf1 f6 33. Nh4 g6 34. Nf3
Rfc8 35. Qd3 Ra7 36. Qd5+ Kg7 37. Nd2 Rac7 38. Qxa5 Rxc6 39. Qxb4 Kh6 40. Qa4
Rd6 41. Nc4 Rd4 42. Qa6 Rf8 43. f3 Rf7 44. Qe6 Rdd7 45. Nd6 Rfe7 46. Qxf6 Kh5
47. g4+ Kh6 48. Nf5# 1-0

[Event "Sherbrooke op"]
[Site "Sherbrooke CAN"]
[Date "2010.05.30"]
[Round "4"]
[White "Duplessis, Jean-Roch"]
[Black "Lalumiere, Claude"]
[Result "0-1"]
[WhiteElo "1734"]
[BlackElo "1870"]
[PlyCount "90"]
[EventDate "2010.05.28"]
[EventType "swiss"]
[EventRounds "5"]
[EventCountry "CAN"]

1. e4 c5 2. Nf3 d6 3. Bb5+ Bd7 4. a4 Nc6 5. c3 Nf6 6. Qe2 g6 7. O-O Bg7 8. d4
O-O 9. dxc5 dxc5 10. Rd1 Qc7 11. e5 Ne8 12. Bf4 Qc8 13. Nbd2 a6 14. Bxc6 Qxc6
15. h3 Nc7 16. Nc4 Be6 17. Ng5 Bd5 18. f3 Ne6 19. Nxe6 Bxe6 20. Bg5 Qc7 21. f4
Rfd8 22. Rd2 Rxd2 23. Nxd2 Rd8 24. Nf3 Qd7 25. b4 cxb4 26. cxb4 Kf8 27. Kh2 Bb3
28. b5 a5 29. Qe3 Qd3 30. Qb6 Qd5 31. Qxa5 Bd1 32. Qb4 Re8 33. Rc1 Bxf3 34.
gxf3 Qxf3 35. Rc7 Qf2+ 36. Kh1 Kg8 37. Bxe7 Bh6 38. Bg5 Bxg5 39. fxg5 Qf1+ 40.
Kh2 Qe2+ 41. Kg3 Qxe5+ 42. Qf4 Qe1+ 43. Kf3 Qe2+ 44. Kg3 Re3+ 45. Kh4 Qh5# 0-1

[Event "Sherbrooke op"]
[Site "Sherbrooke CAN"]
[Date "2010.05.30"]
[Round "4"]
[White "Grenier, Gabriel"]
[Black "Chesnut, Walter"]
[Result "1-0"]
[WhiteElo "1575"]
[BlackElo "1746"]
[PlyCount "45"]
[EventDate "2010.05.28"]
[EventType "swiss"]
[EventRounds "5"]
[EventCountry "CAN"]

1. e4 e5 2. Nf3 Nc6 3. Bc4 Bc5 4. O-O Nf6 5. Nc3 O-O 6. d3 h6 7. Be3 Bb6 8. Qd2
Ng4 9. Bxb6 axb6 10. d4 exd4 11. Nxd4 Nge5 12. Bb3 Nxd4 13. Qxd4 Qf6 14. Kh1 c5
15. Qd2 Qd8 16. f4 Nc6 17. f5 Qg5 18. Rf4 Ne5 19. h4 Qh5 20. Qf2 g5 21. fxg6
Nxg6 22. Rxf7 Re8 23. Rg7+ 1-0

[Event "Sherbrooke op"]
[Site "Sherbrooke CAN"]
[Date "2010.05.30"]
[Round "4"]
[White "Masse, Hugues"]
[Black "Hudon, Paul"]
[Result "1-0"]
[WhiteElo "2240"]
[BlackElo "1926"]
[PlyCount "55"]
[EventDate "2010.05.28"]
[EventType "swiss"]
[EventRounds "5"]
[EventCountry "CAN"]

1. e4 d5 2. exd5 Qxd5 3. Nc3 Qa5 4. d4 c6 5. Nf3 Bg4 6. h3 Bxf3 7. Qxf3 Nf6 8.
Bd2 Qb6 9. Qf4 e6 10. O-O-O Nd5 11. Qg4 Nxc3 12. Bxc3 Nd7 13. Qg5 h6 14. Qa5
Nf6 15. Qxb6 axb6 16. Kb1 Nd5 17. Be1 Bd6 18. Bd3 Nf6 19. Bd2 b5 20. c3 Nd5 21.
Rdf1 Bf4 22. Bxf4 Nxf4 23. Be4 Kd7 24. g3 Nd5 25. f4 b6 26. f5 exf5 27. Bxd5
cxd5 28. Rxf5 1-0

[Event "Sherbrooke op"]
[Site "Sherbrooke CAN"]
[Date "2010.05.30"]
[Round "4"]
[White "Poulin, Mathieu"]
[Black "Larochelle, Martial"]
[Result "0-1"]
[WhiteElo "2004"]
[BlackElo "2198"]
[PlyCount "80"]
[EventDate "2010.05.28"]
[EventType "swiss"]
[EventRounds "5"]
[EventCountry "CAN"]

1. d4 Nf6 2. c4 e6 3. Nc3 Bb4 4. Qc2 Nc6 5. Nf3 d6 6. a3 Bxc3+ 7. Qxc3 Qe7 8.
Bf4 O-O 9. e3 Re8 10. Bg5 e5 11. d5 Nb8 12. Qc2 a5 13. Nd2 h6 14. Bh4 a4 15.
Bd3 Nbd7 16. f3 Nc5 17. Ne4 Ncxe4 18. Bxe4 Bd7 19. Bh7+ Kh8 20. Bf5 Bxf5 21.
Qxf5 Qd7 22. Qc2 Ng8 23. e4 Rf8 24. g4 Ne7 25. Bxe7 Qxe7 26. O-O-O b5 27. Kb1
Rfb8 28. Rc1 b4 29. axb4 Rxb4 30. Rhe1 Rab8 31. Ka1 Qd8 32. Re3 R8b7 33. Rb1
Qb8 34. Ka2 Qa7 35. Rc3 Qc5 36. b3 Qa5 37. Kb2 axb3 38. Qd1 Ra4 39. Rxb3 Rxb3+
40. Kxb3 Ra3+ 0-1

[Event "Sherbrooke op"]
[Site "Sherbrooke CAN"]
[Date "2010.05.30"]
[Round "4"]
[White "Qin, Zi Yi (Joey)"]
[Black "Libersan, Thierry"]
[Result "1-0"]
[WhiteElo "2164"]
[BlackElo "2163"]
[PlyCount "75"]
[EventDate "2010.05.28"]
[EventType "swiss"]
[EventRounds "5"]
[EventCountry "CAN"]

1. e4 c5 2. Nf3 e6 3. d4 cxd4 4. Nxd4 Nc6 5. Nc3 Qc7 6. Be2 a6 7. O-O b5 8.
Nxc6 dxc6 9. Be3 Bb7 10. f4 c5 11. f5 Bd6 12. Kh1 b4 13. fxe6 fxe6 14. Na4
O-O-O 15. Bc4 Nf6 16. Qe2 Qc6 17. e5 Nd5 18. Bxd5 exd5 19. exd6 d4 20. Nxc5
Qxc5 21. Qg4+ Kb8 22. Bxd4 Qxd6 23. c3 Rhe8 24. Rae1 bxc3 25. bxc3 g6 26. Rb1
Qd5 27. Rb2 Rd7 28. Rfb1 Rde7 29. Qg3+ Ka8 30. Bg1 Rf7 31. Qg4 Qe4 32. Qg5 Qe5
33. Qd2 h5 34. Qd3 Qe4 35. Qd6 h4 36. Qb6 Kb8 37. Qa7+ Kc8 38. Rxb7 1-0

[Event "Sherbrooke op"]
[Site "Sherbrooke CAN"]
[Date "2010.05.30"]
[Round "4"]
[White "Sambuev, Bator"]
[Black "Ah-Lan, Kenny"]
[Result "0-1"]
[WhiteElo "2556"]
[BlackElo "2008"]
[PlyCount "65"]
[EventDate "2010.05.28"]
[EventType "swiss"]
[EventRounds "5"]
[EventCountry "CAN"]

1. d4 Nf6 2. c4 g6 3. Nc3 Bg7 4. e4 O-O 5. Nf3 d6 6. Be2 e5 7. O-O Nc6 8. d5
Ne7 9. b4 a5 10. Ba3 axb4 11. Bxb4 b6 12. a4 Ne8 13. a5 c5 14. Ba3 Rxa5 15. Qb3
f5 16. Rfb1 fxe4 17. Nxe4 Bf5 18. Nfd2 Nc8 19. Bc1 Bh6 20. Bf3 Nf6 21. Rxa5
bxa5 22. Ra1 Nxe4 23. Bxe4 Qf6 24. f3 Ne7 25. Qd3 Ra8 26. Qb3 Bf4 27. Qb7 Rf8
28. Qb1 Be3+ 29. Kh1 Qh4 30. g3 Qh3 31. Qd3 Bf2 32. g4 Bd4 33. Ra3 0-1

[Event "Sherbrooke op"]
[Site "Sherbrooke CAN"]
[Date "2010.05.30"]
[Round "4"]
[White "Turcotte, Jonathan"]
[Black "Wang, Kelly"]
[Result "0-1"]
[WhiteElo "1890"]
[BlackElo "1517"]
[PlyCount "100"]
[EventDate "2010.05.28"]
[EventType "swiss"]
[EventRounds "5"]
[EventCountry "CAN"]

1. d4 d5 2. Nf3 e6 3. c4 Nf6 4. Nc3 Be7 5. Bg5 Nbd7 6. e3 O-O 7. Rc1 a6 8. c5
b6 9. c6 Nb8 10. Ne5 Ne4 11. Nxe4 dxe4 12. Bxe7 Qxe7 13. Be2 f6 14. Nc4 Nxc6
15. Nd2 Nd8 16. Nxe4 Bb7 17. Bf3 Qb4+ 18. Qd2 Qe7 19. Qc3 Rc8 20. O-O Bd5 21.
Rfd1 Nf7 22. b4 Qd7 23. Qa3 Ra8 24. Rc2 a5 25. b5 Rac8 26. Qa4 c6 27. bxc6 Bxc6
28. Rxc6 Nd8 29. Rdc1 Nxc6 30. Rxc6 Rxc6 31. Nxf6+ Rxf6 32. Qxc6 Qxc6 33. Bxc6
Kf8 34. f3 Ke7 35. e4 e5 36. d5 Kd6 37. Kf2 Kc5 38. Bd7 b5 39. Ke3 a4 40. g3 g5
41. Bf5 b4 42. Kd3 a3 43. Kc2 Kc4 44. Be6 b3+ 45. axb3+ Kb4 46. Bg8 Rxf3 47. d6
Rf2+ 48. Kb1 a2+ 49. Ka1 Ka3 50. Bc4 Rxh2 0-1

[Event "Sherbrooke op"]
[Site "Sherbrooke CAN"]
[Date "2010.05.30"]
[Round "4"]
[White "Wan, Kevin"]
[Black "Ouellet-Lahaie, Didier"]
[Result "0-1"]
[WhiteElo "1707"]
[BlackElo "1750"]
[PlyCount "48"]
[EventDate "2010.05.28"]
[EventType "swiss"]
[EventRounds "5"]
[EventCountry "CAN"]

1. e4 c5 2. Nf3 d6 3. d4 cxd4 4. Nxd4 Nf6 5. Nc3 a6 6. Bg5 e6 7. f4 Nc6 8. Nxc6
bxc6 9. e5 h6 10. Bh4 g5 11. fxg5 Nd5 12. Nxd5 cxd5 13. Bg3 hxg5 14. exd6 Bxd6
15. Bxd6 Qxd6 16. Qd4 Rh4 17. Qe3 Re4 18. Qxe4 dxe4 19. c3 Qb6 20. O-O-O Bb7
21. h4 gxh4 22. Rxh4 Ke7 23. Kb1 Qf2 24. Bc4 Qxh4 0-1

[Event "Sherbrooke op"]
[Site "Sherbrooke CAN"]
[Date "2010.05.30"]
[Round "4"]
[White "Wu, Qiyou"]
[Black "Germain, Benoit"]
[Result "1-0"]
[WhiteElo "1780"]
[BlackElo "1718"]
[PlyCount "71"]
[EventDate "2010.05.28"]
[EventType "swiss"]
[EventRounds "5"]
[EventCountry "CAN"]

1. e4 e5 2. Nf3 Nc6 3. Bb5 a6 4. Bxc6 dxc6 5. d3 Bg4 6. Nbd2 Qf6 7. h3 Bxf3 8.
Qxf3 O-O-O 9. Qxf6 Nxf6 10. Nf3 Bd6 11. Bg5 Rhe8 12. Bxf6 gxf6 13. Nh4 Bb4+ 14.
Ke2 c5 15. Rad1 Rd7 16. Nf5 b5 17. Ne3 c6 18. f3 Red8 19. b3 Bc3 20. g4 Kb7 21.
h4 h6 22. Nf5 Rh8 23. Rdg1 Kb6 24. Ne3 Bd4 25. Rb1 Bxe3 26. Kxe3 Rg8 27. Rh2
Ka5 28. Rg2 Rdd8 29. Rf1 Rg7 30. Rfg1 Rdg8 31. f4 Kb4 32. fxe5 fxe5 33. g5 Kc3
34. Kf3 h5 35. Ke3 f6 36. Kf3 1-0

[Event "Sherbrooke op"]
[Site "Sherbrooke CAN"]
[Date "2010.05.30"]
[Round "5"]
[White "Libersan, Thierry"]
[Black "Lalumiere, Claude"]
[Result "0-1"]
[WhiteElo "2163"]
[BlackElo "1870"]
[PlyCount "71"]
[EventDate "2010.05.28"]
[EventType "swiss"]
[EventRounds "5"]
[EventCountry "CAN"]

1. e4 c5 2. Nf3 d6 3. d4 cxd4 4. Qxd4 Nc6 5. Bb5 Bd7 6. Bxc6 bxc6 7. e5 d5 8.
O-O e6 9. c4 Ne7 10. Nc3 Nf5 11. Qd3 Be7 12. Rb1 a5 13. b3 g5 14. a3 h5 15. b4
axb4 16. axb4 Rb8 17. b5 dxc4 18. Qxc4 cxb5 19. Nxb5 Rc8 20. Qe2 Bc6 21. Na7 g4
22. Nxc6 Rxc6 23. Qb5 Qd7 24. Nd2 Nd4 25. Qa4 O-O 26. Nc4 Ne2+ 27. Kh1 Nc3 28.
Qb3 Nxb1 29. Nd6 Nc3 30. Ba3 Nd5 31. f3 Rc3 32. Qb2 Qc6 33. Qd2 Ne3 34. Re1
Rxa3 35. Rxe3 Rxe3 36. Qxe3 0-1